Nagyhatékonyságú folyadékkromatográfiás módszer fejlesztése nemi hormonok analízisére

Elmentve itt :
Bibliográfiai részletek
Szerző: Német Márta
További közreműködők: Ilisz István (Témavezető)
Schrantz Krisztina (Témavezető)
Krimer Tibor (Témavezető)
Dokumentumtípus: Szakdolgozat
Megjelent: 2014
Tárgyszavak:
Online Access:http://diploma.bibl.u-szeged.hu/59488
LEADER 00857nta a2200205 i 4500
001 dipl59488
005 20161103085841.0
008 161103s2014 hu om 0|| zxx d
040 |a SZTE Diploma Repozitórium  |b hun 
041 |a zxx 
100 1 |a Német Márta 
245 1 0 |a Nagyhatékonyságú folyadékkromatográfiás módszer fejlesztése nemi hormonok analízisére  |h [elektronikus dokumentum] /  |c Márta Német 
246 1 0 |a Development of High-Performance Liquid Chromatography Method for the Analysis of Sex Hormones  |h [elektronikus dokumentum] 
260 |c 2014 
650 4 |a Természettudományok 
650 4 |a Natural sciences 
700 0 1 |a Ilisz István  |e ths 
700 0 1 |a Schrantz Krisztina  |e ths 
700 0 1 |a Krimer Tibor  |e ths 
856 4 0 |u https://diploma.bibl.u-szeged.hu/id/eprint/59488/1/2016_N%C3%A9met_M%C3%A1rta_NEMQAAT_SZE_SZ.pdf  |z Dokumentum-elérés